000
00299nam a2200121Ia 4500
008
211105s9999 xx 000 0 und d
020
_a
VYASA13504
100
_a
Lansdowne Zachary F
245
4
_a
The Chakras And Esoteric Healing
250
_a
\N
260
_b
Motilal Banarsidass
_c
\N
300
_a
143p.
999
_c
6657
_d
6657